00800nam a2200217Ia 4500003000900000008004100009020001800050040001600068080001700084245013600101260004800237300001700285650004100302650002900343650001500372700003100387700002700418942000700445999001500452952011500467IN-BaIIA211028s9999 xx 000 0 eng d a0-521-22285-0 cIIA Library a524.834bGEN 0aGeneral relativityban Einstein centenary surveycedited by S. W. Hawking and W. Israel  aCambridgebCambridge University Pressc1979 axviii, 919p. aAstronomy and astrophysics thesaurus aGeneral relativity93824 aRelativity aHawking, S. W., ed.911031 aIsrael, W., ed.911032 cBK c6426d6426 00104070aBANbBANcGENd1979-12-12l1o524.834/ GENp7157r2025-01-21s2024-09-25w1979-12-12yBKG£ 37.50